000 00593nas a22001817a 4500
008 130314t20099999ag ||||| |||| 00| 0 spa d
022 _a1852-8724
245 _aRevista Argentina de Salud Publica
260 _aBuenos Aires:
_bMinisterio de Salud de la Nacion,
_c2009
300 _av. :
310 _atrimestral
546 _aespaƱol
590 _aIndizada en: LILACS, Latindex
590 _aExistencias: 2009 1(1); 2010 1(2-5); 2011 2(6,9); 2012 3(13); 2013 4(14,15,16,17); 2014 5(18)
650 _aSALUD PUBLICA
_91914
856 _uhttp://www.saludinvestiga.org.ar/
942 _2ddc
_cCR
999 _c1259
_d1259